[Event "Sofia Gerenski Memorial 11th"]
[Site "Sofia"]
[Date "2018.03.23"]
[Round "4"]
[White "Vachev, Vladimir"]
[Black "Doykov, Stoycho"]
[Result "1-0"]
[WhiteElo "2103"]
[BlackElo "1784"]
[PlyCount "97"]
[EventDate "2018.03.21"]
[EventType "swiss"]
[EventRounds "7"]
[EventCountry "BUL"]
[SourceTitle "CBM 183 Extra"]
[Source "ChessBase"]
[SourceDate "2018.04.19"]
[SourceVersion "1"]
[SourceVersionDate "2018.04.19"]
[SourceQuality "1"]

1. e4 c5 2. Nf3 Nc6 3. Bb5 d6 4. 0-0 Bd7 5. c3 Nf6 6. Re1 e6 7. d4 cxd4 8. cxd4 a6 9. Bf1 Be7 10. Nc3 0-0 11. d5 Nb8 12. h3 e5 13. Be3 b5 14. a3 Ne8 15. Rc1 f5 16. exf5 Bxf5 17. Bd3 Bxd3 18. Qxd3 Nd7 19. Ne4 h6 20. Rc6 Ndf6 21. Nfd2 Nxe4 22. Nxe4 Qd7 23. Ng3 Bd8 24. Rec1 Qf7 25. R1c2 Be7 26. Ne4 Nf6 27. Nxf6+ Qxf6 28. Rc7 Bd8 29. Rd7 Rf7 30. Rxf7 Qxf7 31. Rc6 Be7 32. b3 h5 33. Rc7 Qf6 34. Qe4 Bf8 35. g4 hxg4 36. hxg4 Qd8 37. Rc6 Be7 38. Qf5 Qf8 39. Qe4 Qd8 40. Kg2 a5 41. Rc1 Bg5 42. Rh1 Bxe3 43. Qh7+ Kf8 44. Qf5+ Qf6 45. Qxf6+ gxf6 46. Rh8+ Kg7 47. Rxa8 Bd2 48. Ra6 b4 49. a4 1-0

[Event "Plovdiv Tringov Memorial 36th"]
[Site "Plovdiv"]
[Date "2014.02.08"]
[Round "8"]
[White "Becker, Michael"]
[Black "Vachev, Vladimir"]
[Result "1/2-1/2"]
[WhiteElo "2335"]
[BlackElo "2119"]
[PlyCount "50"]
[EventDate "2014.02.02"]
[EventType "swiss"]
[EventRounds "9"]
[EventCountry "BUL"]
[SourceTitle "CBM 158 Extra"]
[Source "ChessBase"]
[SourceDate "2014.02.28"]
[SourceVersion "1"]
[SourceVersionDate "2014.02.28"]
[SourceQuality "1"]

1. e4 c5 2. Nf3 d6 3. Bb5+ Nd7 4. 0-0 e6 5. Re1 Ngf6 6. c3 a6 7. Bf1 Be7 8. d4 cxd4 9. cxd4 0-0 10. Nc3 Re8 11. e5 Nd5 12. Nxd5 exd5 13. Bf4 dxe5 14. Nxe5 Nxe5 15. Bxe5 Bf5 16. Qb3 Qd7 17. g3 Rac8 18. Rac1 Bf8 19. Bg2 Be6 20. Bf4 b5 21. Qd3 Bb4 22. Rxc8 Rxc8 23. Rc1 Rxc1+ 24. Bxc1 Qc6 25. Bd2 Bd6 1/2-1/2

[Event "Kesarovski Georgiev Memorial-B 12th"]
[Site "Sunny Beach"]
[Date "2013.09.08"]
[Round "9"]
[White "Petrov, Simeon"]
[Black "Vachev, Vladimir"]
[Result "0-1"]
[WhiteElo "2042"]
[BlackElo "2163"]
[PlyCount "38"]
[EventDate "2013.08.31"]
[EventType "swiss"]
[EventRounds "9"]
[EventCountry "BUL"]
[SourceTitle "CBM 156 Extra"]
[Source "ChessBase"]
[SourceDate "2013.10.22"]
[SourceVersion "1"]
[SourceVersionDate "2013.10.22"]
[SourceQuality "1"]

1. d4 Nf6 2. c4 e6 3. Nc3 Bb4 4. Nf3 0-0 5. g3 d6 6. Bg2 Nc6 7. 0-0 Bxc3 8. bxc3 h6 9. Re1 Re8 10. e4 e5 11. dxe5 dxe5 12. Ba3 Be6 13. Qxd8 Rexd8 14. Rad1 Bxc4 15. Nh4 g6 16. f4 Bxa2 17. fxe5 Ng4 18. Bc5 Ngxe5 19. Rxd8+ Rxd8 0-1

[Event "Varna op 7th"]
[Site "Varna"]
[Date "2013.06.27"]
[Round "9"]
[White "Vachev, Vladimir"]
[Black "Petrov, Martin"]
[Result "1-0"]
[WhiteElo "2155"]
[BlackElo "1990"]
[PlyCount "81"]
[EventDate "2013.06.19"]
[EventType "swiss"]
[EventRounds "9"]
[EventCountry "BUL"]
[SourceTitle "CBM 155 Extra"]
[Source "ChessBase"]
[SourceDate "2013.08.26"]
[SourceVersion "1"]
[SourceVersionDate "2013.08.26"]
[SourceQuality "1"]

1. Nf3 Nf6 2. c4 c5 3. Nc3 Nc6 4. g3 d5 5. cxd5 Nxd5 6. Bg2 Nc7 7. d3 e5 8. 0-0 Be7 9. Be3 0-0 10. a3 Bd7 11. Rc1 Rc8 12. Nd2 Ne6 13. Nd5 b6 14. Ne4 Ncd4 15. f4 exf4 16. gxf4 Nf5 17. Bd2 Nc7 18. Ng3 Nxd5 19. Bxd5 Nxg3 20. hxg3 Ba4 21. Bxf7+ Rxf7 22. Qxa4 Qe8 23. Qxe8+ Rxe8 24. Bc3 Bf6 25. Bxf6 Rxf6 26. Rc2 Rc6 27. Kf2 g6 28. b4 Kf7 29. Rfc1 Ke7 30. bxc5 Rxc5 31. Rxc5 bxc5 32. Rxc5 Kd7 33. Ra5 Ra8 34. Ra6 Ke7 35. Kf3 Kd7 36. g4 Ke7 37. g5 Kd7 38. e4 Ke7 39. a4 Kd7 40. f5 gxf5 41. exf5 1-0

[Event "Varna op 7th"]
[Site "Varna"]
[Date "2013.06.26"]
[Round "8"]
[White "Popchev, Milko"]
[Black "Vachev, Vladimir"]
[Result "1-0"]
[WhiteElo "2433"]
[BlackElo "2155"]
[PlyCount "99"]
[EventDate "2013.06.19"]
[EventType "swiss"]
[EventRounds "9"]
[EventCountry "BUL"]
[SourceTitle "CBM 155 Extra"]
[Source "ChessBase"]
[SourceDate "2013.08.26"]
[SourceVersion "1"]
[SourceVersionDate "2013.08.26"]
[SourceQuality "1"]

1. Nc3 c5 2. e4 Nc6 3. g3 g6 4. Bg2 Bg7 5. Nf3 d6 6. h3 e5 7. d3 Nge7 8. 0-0 0-0 9. Nd2 f5 10. Nc4 Be6 11. Nd5 Rb8 12. a4 b6 13. c3 Qd7 14. h4 Rf7 15. h5 Rbf8 16. h6 Bh8 17. f4 Nc8 18. Be3 Re8 19. Qb3 Na5 20. Nxa5 bxa5 21. Qb5 Bxd5 22. exd5 exf4 23. Bxf4 Kf8 24. Bg5 Re2 25. Rf2 Rxf2 26. Kxf2 Qb7 27. Kg1 Rd7 28. g4 Qxb5 29. axb5 fxg4 30. Rxa5 Be5 31. Ra4 Rb7 32. Bf1 Ne7 33. Rxg4 Nf5 34. Ra4 Kf7 35. Bh3 Bf6 36. Bf4 Be7 37. Bxf5 gxf5 38. c4 Ke8 39. Kg2 Kf7 40. Kf3 Bf8 41. Ra6 Rd7 42. b3 Be7 43. Ke2 Bf8 44. d4 cxd4 45. Kd3 Be7 46. Kxd4 Bf6+ 47. Kd3 Be7 48. Be3 f4 49. Bxf4 Kg6 50. Be3 1-0

[Event "Varna op 7th"]
[Site "Varna"]
[Date "2013.06.23"]
[Round "5"]
[White "Vachev, Vladimir"]
[Black "Karaivanov, Aleksander"]
[Result "1/2-1/2"]
[WhiteElo "2155"]
[BlackElo "1894"]
[PlyCount "76"]
[EventDate "2013.06.19"]
[EventType "swiss"]
[EventRounds "9"]
[EventCountry "BUL"]
[SourceTitle "CBM 155 Extra"]
[Source "ChessBase"]
[SourceDate "2013.08.26"]
[SourceVersion "1"]
[SourceVersionDate "2013.08.26"]
[SourceQuality "1"]

1. Nf3 d5 2. d4 e6 3. c4 f5 4. g3 Nf6 5. Bg2 c6 6. 0-0 Bd6 7. b3 Qe7 8. Nc3 0-0 9. Bg5 Bb4 10. Rc1 Bd7 11. Ne5 Qd6 12. c5 Qe7 13. f3 Be8 14. e4 h6 15. Bxf6 Qxf6 16. exd5 exd5 17. f4 Bxc3 18. Rxc3 Qd8 19. a3 Nd7 20. Nxd7 Qxd7 21. Re1 Bg6 22. Re5 Rae8 23. Rce3 Rxe5 24. Rxe5 Re8 25. Qe2 Qf7 26. Rxe8+ Qxe8 27. Qxe8+ Bxe8 28. Bf3 Kf7 29. Kf2 Kf6 30. Ke3 Ke6 31. Kd2 Kd7 32. b4 Kc7 33. a4 Bf7 34. Kc3 Be8 35. b5 cxb5 36. axb5 Bxb5 37. Bxd5 b6 38. cxb6+ axb6 1/2-1/2

[Event "Varna op 7th"]
[Site "Varna"]
[Date "2013.06.22"]
[Round "4"]
[White "Belov, Igor"]
[Black "Vachev, Vladimir"]
[Result "1-0"]
[WhiteElo "2418"]
[BlackElo "2155"]
[PlyCount "110"]
[EventDate "2013.06.19"]
[EventType "swiss"]
[EventRounds "9"]
[EventCountry "BUL"]
[SourceTitle "CBM 155 Extra"]
[Source "ChessBase"]
[SourceDate "2013.08.26"]
[SourceVersion "1"]
[SourceVersionDate "2013.08.26"]
[SourceQuality "1"]

1. Nf3 Nf6 2. c4 g6 3. Nc3 Bg7 4. e4 d6 5. d4 0-0 6. Be2 e5 7. d5 a5 8. Bg5 h6 9. Bh4 g5 10. Bg3 Nh5 11. h4 Nxg3 12. fxg3 g4 13. Nd2 h5 14. 0-0 Na6 15. Bd3 Nc5 16. Nb3 Nxd3 17. Qxd3 Bh6 18. Rad1 Bd7 19. Nd2 Kg7 20. Rf2 Qb8 21. Nb5 a4 22. Kh1 Ra5 23. Nb1 f6 24. N1a3 b6 25. Rdf1 Rf7 26. Nc3 Kg6 27. Nab5 Qc8 28. Kh2 Qd8 29. Nd1 Bf8 30. Na3 Bh6 31. Ne3 Rc5 32. Nf5 Bf8 33. b4 axb3 34. axb3 Ra5 35. b4 Ra4 36. Qb3 Qa8 37. Nb5 Bxb5 38. cxb5 Ra3 39. Qc4 Ra4 40. Rc2 Bh6 41. Rff2 Bf8 42. Ra2 Rxa2 43. Rxa2 Qb7 44. Ra6 Bg7 45. Qa2 Qc8 46. Ra8 Qd7 47. Qc4 Bf8 48. Kg1 Kh7 49. Kf2 Bh6 50. Ke2 Bf8 51. Kd3 Bh6 52. Qc6 Bg7 53. Kc4 Bh6 54. Re8 Bg7 55. Qa8 Kg6 1-0

[Event "Kesarovski Georgiev Memorial 11th"]
[Site "Sunny Beach"]
[Date "2012.09.05"]
[Round "5"]
[White "Koelbl, Jonathan"]
[Black "Vachev, Vladimir"]
[Result "0-1"]
[WhiteElo "1877"]
[BlackElo "2190"]
[PlyCount "62"]
[EventDate "2012.09.01"]
[EventType "swiss"]
[EventRounds "9"]
[EventCountry "BUL"]
[SourceTitle "CBM 150 Extra"]
[Source "ChessBase"]
[SourceDate "2012.10.19"]
[SourceVersion "1"]
[SourceVersionDate "2012.10.19"]
[SourceQuality "1"]

1. e4 d6 2. f4 g6 3. Nf3 Bg7 4. Nc3 c5 5. Bc4 Nc6 6. d3 a6 7. a4 e6 8. 0-0 Nge7 9. Qe1 Nd4 10. Nxd4 cxd4 11. Ne2 d5 12. Ba2 dxe4 13. dxe4 0-0 14. Rf3 Nc6 15. Ng3 b5 16. f5 Ne5 17. Rf1 bxa4 18. fxe6 fxe6 19. Rxf8+ Qxf8 20. Qa5 Bd7 21. Bd2 Qc8 22. Bf4 Nf7 23. Qd2 Qb7 24. Rb1 Rc8 25. b3 a3 26. Rc1 Qb5 27. Ne2 e5 28. Bg3 Bh6 29. Qd1 Bg4 30. Nxd4 Bxd1 31. Nxb5 Bxc1 0-1

[Event "BUL-ch Seniors"]
[Site "Sofia"]
[Date "2012.05.23"]
[Round "7"]
[White "Vachev, Vladimir"]
[Black "Anev, Asen"]
[Result "1-0"]
[WhiteElo "2184"]
[BlackElo "2035"]
[PlyCount "81"]
[EventDate "2012.05.19"]
[EventType "swiss"]
[EventRounds "9"]
[EventCountry "BUL"]
[SourceTitle "CBM 148 Extra"]
[Source "ChessBase"]
[SourceDate "2012.06.22"]
[SourceVersion "1"]
[SourceVersionDate "2012.06.22"]
[SourceQuality "1"]

1. d4 Nf6 2. Nf3 g6 3. c4 Bg7 4. g3 c6 5. Bg2 0-0 6. 0-0 d6 7. Nc3 Nbd7 8. e4 e5 9. h3 Qc7 10. Be3 a6 11. Qc2 Nh5 12. Rad1 h6 13. dxe5 dxe5 14. Nh4 Kh7 15. Qe2 Bf6 16. Nf3 Re8 17. Qd2 Bg7 18. Kh2 Nf8 19. Na4 b5 20. Nb6 Rb8 21. Nxc8 Rbxc8 22. Qc2 Ne6 23. c5 Rcd8 24. Rxd8 Rxd8 25. Rd1 Bf6 26. Rxd8 Qxd8 27. b4 a5 28. a3 axb4 29. axb4 Nhg7 30. h4 Nd4 31. Bxd4 exd4 32. Ne1 Qc7 33. Kg1 Ne6 34. h5 Kg7 35. hxg6 fxg6 36. Nd3 g5 37. Qe2 Nf8 38. e5 Bd8 39. Qe4 Ng6 40. Qxd4 Be7 41. e6+ 1-0

[Event "BUL-ch Seniors"]
[Site "Sofia"]
[Date "2012.05.22"]
[Round "6"]
[White "Cholakov, Stefan"]
[Black "Vachev, Vladimir"]
[Result "1/2-1/2"]
[WhiteElo "2170"]
[BlackElo "2184"]
[PlyCount "102"]
[EventDate "2012.05.19"]
[EventType "swiss"]
[EventRounds "9"]
[EventCountry "BUL"]
[SourceTitle "CBM 148 Extra"]
[Source "ChessBase"]
[SourceDate "2012.06.22"]
[SourceVersion "1"]
[SourceVersionDate "2012.06.22"]
[SourceQuality "1"]

1. e4 d6 2. d4 Nf6 3. c4 g6 4. Nc3 Bg7 5. f3 0-0 6. Be3 Nc6 7. Qd2 a6 8. Bd3 e5 9. Nge2 exd4 10. Nxd4 Ne5 11. Be2 Re8 12. 0-0 c5 13. Nc2 Be6 14. b3 Qa5 15. Rac1 Rad8 16. Rfd1 Nc6 17. Bg5 h6 18. Bh4 g5 19. Be1 Nh5 20. g3 Nd4 21. Nxd4 Bxd4+ 22. Bf2 Bxf2+ 23. Kxf2 Ng7 24. Nd5 Qxd2 25. Nf6+ Kf8 26. Rxd2 Re7 27. Rcd1 Ne8 28. Nxe8 Kxe8 29. Rxd6 Rxd6 30. Rxd6 Rc7 31. f4 Ke7 32. Rb6 f6 33. f5 Bd7 34. Bf3 Bc6 35. g4 Kd6 36. e5+ Kxe5 37. Bxc6 bxc6 38. Ke3 h5 39. h3 hxg4 40. hxg4 Kd6 41. Rxa6 Rh7 42. Kf3 Rh3+ 43. Kg2 Rc3 44. Ra8 Ke5 45. Re8+ Kf4 46. Re6 Rc2+ 47. Kf1 Rxa2 48. Rxf6 Rb2 49. Rxc6 Rxb3 50. Rxc5 Kxg4 51. Ke2 Rf3 1/2-1/2

[Event "BUL-ch Seniors"]
[Site "Sofia"]
[Date "2012.05.21"]
[Round "4"]
[White "Orev, Petar"]
[Black "Vachev, Vladimir"]
[Result "1-0"]
[WhiteElo "2212"]
[BlackElo "2184"]
[PlyCount "134"]
[EventDate "2012.05.19"]
[EventType "swiss"]
[EventRounds "9"]
[EventCountry "BUL"]
[SourceTitle "CBM 148 Extra"]
[Source "ChessBase"]
[SourceDate "2012.06.22"]
[SourceVersion "1"]
[SourceVersionDate "2012.06.22"]
[SourceQuality "1"]

1. g3 e5 2. Bg2 Nf6 3. c4 Nc6 4. Nc3 Bb4 5. e3 0-0 6. Nge2 Re8 7. 0-0 h6 8. a3 Bf8 9. d4 exd4 10. Nxd4 Ne5 11. b3 a5 12. h3 d6 13. Bb2 a4 14. Nxa4 Rxa4 15. bxa4 Nxc4 16. Qc2 d5 17. Ne2 c6 18. Rfd1 Bc5 19. Bd4 Bf8 20. Nc3 Nxa3 21. Qb3 Qe7 22. Bxf6 gxf6 23. e4 d4 24. Rxd4 Be6 25. Qd1 Qc5 26. Rc1 Qb6 27. Bf1 Bc5 28. Rd2 Kh7 29. Qf3 Kg7 30. Kg2 Qb3 31. g4 Nc4 32. Bxc4 Qxc4 33. Qd3 Bb4 34. Qxc4 Bxc4 35. Rd4 Bxc3 36. Rxc3 b5 37. Kf3 Ra8 38. Rcxc4 bxc4 39. Rxc4 Ra5 40. Kg3 c5 41. Kh4 Ra8 42. Kh5 Rb8 43. Rxc5 Rb4 44. a5 Rxe4 45. a6 Ra4 46. Rc6 Ra5+ 47. Kh4 Ra3 48. f4 Kg6 49. Rb6 Kg7 50. f5 Ra1 51. Kg3 Ra3+ 52. Kh4 Ra1 53. Rc6 Ra3 54. Rd6 Ra1 55. Kg3 Ra3+ 56. Kf4 Rxh3 57. Ke4 Rg3 58. Kd5 Rxg4 59. Kc6 Ra4 60. Kb7 h5 61. a7 Rxa7+ 62. Kxa7 h4 63. Kb6 h3 64. Kc5 h2 65. Rd1 Kh6 66. Kd4 Kg5 67. Ke3 Kxf5 1-0

[Event "Skopje Karposh op"]
[Site "Skopje"]
[Date "2012.04.12"]
[Round "7"]
[White "Stojanovic, Andjelija"]
[Black "Vachev, Vladimir"]
[Result "0-1"]
[WhiteElo "2324"]
[BlackElo "2152"]
[PlyCount "40"]
[EventDate "2012.04.07"]
[EventType "swiss"]
[EventRounds "9"]
[EventCountry "MKD"]
[SourceTitle "CBM 147 Extra"]
[Source "ChessBase"]
[SourceDate "2012.04.24"]
[SourceVersion "1"]
[SourceVersionDate "2012.04.24"]
[SourceQuality "1"]

1. Nf3 Nf6 2. g3 c5 3. Bg2 g6 4. 0-0 Bg7 5. c4 0-0 6. Nc3 Nc6 7. d4 cxd4 8. Nxd4 Nxd4 9. Qxd4 d6 10. Qd3 Bf5 11. e4 Be6 12. Bd2 Nd7 13. b3 Ne5 14. Qe3 Nc6 15. Rac1 Qd7 16. Nd5 Rac8 17. Bc3 b6 18. Bxg7 Kxg7 19. f4 f6 20. h4 Bg4 0-1

[Event "Skopje Karposh op"]
[Site "Skopje"]
[Date "2012.04.07"]
[Round "1"]
[White "Yemelin, Vasily"]
[Black "Vachev, Vladimir"]
[Result "1-0"]
[WhiteElo "2567"]
[BlackElo "2152"]
[PlyCount "61"]
[EventDate "2012.04.07"]
[EventType "swiss"]
[EventRounds "9"]
[EventCountry "MKD"]
[SourceTitle "CBM 147 Extra"]
[Source "ChessBase"]
[SourceDate "2012.04.24"]
[SourceVersion "1"]
[SourceVersionDate "2012.04.24"]
[SourceQuality "1"]

1. e4 c5 2. Nf3 e6 3. d4 cxd4 4. Nxd4 Nf6 5. Nc3 d6 6. f4 a6 7. Qf3 Qc7 8. g4 Nc6 9. Nxc6 bxc6 10. b3 d5 11. Bb2 Bb7 12. Bd3 Qa5 13. 0-0-0 Ba3 14. g5 Nd7 15. Na4 Bxb2+ 16. Kxb2 0-0 17. Qh5 g6 18. Qh6 Qb4 19. c3 Qd6 20. e5 Qe7 21. h4 Rfe8 22. h5 Nf8 23. c4 a5 24. Rh2 Ba6 25. Rdh1 Ra7 26. hxg6 fxg6 27. Bxg6 dxc4 28. Bxe8 Qxe8 29. g6 Nxg6 30. Nc5 Qe7 31. Qxg6+ 1-0

[Event "Sofia MGU op 52nd"]
[Site "Sofia"]
[Date "2012.02.25"]
[Round "3"]
[White "Ruschukov, Boyan"]
[Black "Vachev, Vladimir"]
[Result "1/2-1/2"]
[WhiteElo "1993"]
[BlackElo "2185"]
[PlyCount "61"]
[EventDate "2012.02.25"]
[EventType "swiss"]
[EventRounds "6"]
[EventCountry "BUL"]
[SourceTitle "CBM 147 Extra"]
[Source "ChessBase"]
[SourceDate "2012.04.24"]
[SourceVersion "1"]
[SourceVersionDate "2012.04.24"]
[SourceQuality "1"]

1. d4 Nf6 2. c4 Nc6 3. d5 Ne5 4. Qc2 Ng6 5. Nc3 e5 6. e4 Bc5 7. Be3 Bxe3 8. fxe3 d6 9. Nf3 0-0 10. Bd3 Bd7 11. 0-0 a5 12. b3 h6 13. Rae1 Qe7 14. Ne2 Rfc8 15. Qd2 c6 16. dxc6 bxc6 17. Bb1 Rd8 18. Ng3 Nf8 19. Nf5 Bxf5 20. exf5 d5 21. Qc3 N8d7 22. cxd5 cxd5 23. Rc1 Ra7 24. Rfd1 Rb8 25. h3 Re8 26. g4 Qd6 27. Kg2 Qb6 28. Kf2 d4 29. exd4 e4 30. Ne1 Qd6 31. Qg3 1/2-1/2

[Event "Albena op 19th"]
[Site "Albena"]
[Date "2011.06.28"]
[Round "4"]
[White "Vachev, Vladimir"]
[Black "Stanojoski, Zvonko"]
[Result "0-1"]
[WhiteElo "2149"]
[BlackElo "2493"]
[PlyCount "84"]
[EventDate "2011.06.25"]
[EventType "swiss"]
[EventRounds "9"]
[EventCountry "BUL"]
[SourceTitle "CBM 143 Extra"]
[Source "ChessBase"]
[SourceDate "2011.08.29"]
[SourceVersion "1"]
[SourceVersionDate "2011.08.29"]
[SourceQuality "1"]

1. d4 Nf6 2. Bg5 c5 3. d5 Qb6 4. Nc3 Qxb2 5. Bd2 Qb6 6. e4 d6 7. f4 g6 8. e5 Nfd7 9. Nf3 a6 10. Rb1 Qc7 11. e6 fxe6 12. Ng5 Nf6 13. dxe6 Bg7 14. f5 d5 15. Nf7 gxf5 16. Nxd5 Nxd5 17. Qh5 Bxe6 18. Nxh8+ Kf8 19. Bd3 Nf6 20. Qe2 Bxa2 21. Ra1 Bg8 22. 0-0 Nc6 23. c3 Bxh8 24. Rxf5 Rd8 25. Be3 Rd5 26. Raf1 Qd7 27. Be4 Rxf5 28. Rxf5 Bf7 29. Bc2 c4 30. Rf1 Qg4 31. Qd2 Bg6 32. Bd1 Qe6 33. Bf3 Bd3 34. Re1 Qf5 35. Bxc6 bxc6 36. h3 Nd5 37. Bd4 Bxd4+ 38. cxd4 Qf4 39. Qxf4+ Nxf4 40. Kf2 Nd5 41. Ra1 c3 42. Ke1 Kf7 0-1

[Event "BUL-ch Seniors"]
[Site "Sofia"]
[Date "2011.05.18"]
[Round "6"]
[White "Cholakov, Stefan"]
[Black "Vachev, Vladimir"]
[Result "1/2-1/2"]
[WhiteElo "2177"]
[BlackElo "2149"]
[PlyCount "26"]
[EventDate "2011.05.14"]
[EventType "swiss"]
[EventRounds "9"]
[EventCountry "BUL"]
[SourceTitle "CBM 142 Extra"]
[Source "ChessBase"]
[SourceDate "2011.06.27"]
[SourceVersion "1"]
[SourceVersionDate "2011.06.27"]
[SourceQuality "1"]

1. d4 Nf6 2. Nf3 e6 3. Bg5 h6 4. Bh4 b6 5. e3 Bb7 6. Nbd2 Be7 7. Bd3 d5 8. 0-0 0-0 9. Qe2 c5 10. c3 Ne4 11. Bxe7 Qxe7 12. Ne5 Nxd2 13. Qxd2 Ba6 1/2-1/2

[Event "BUL-ch Seniors"]
[Site "Sofia"]
[Date "2011.05.16"]
[Round "4"]
[White "Vachev, Vladimir"]
[Black "Ljangov, Petar"]
[Result "1/2-1/2"]
[WhiteElo "2149"]
[BlackElo "2064"]
[PlyCount "20"]
[EventDate "2011.05.14"]
[EventType "swiss"]
[EventRounds "9"]
[EventCountry "BUL"]
[SourceTitle "CBM 142 Extra"]
[Source "ChessBase"]
[SourceDate "2011.06.27"]
[SourceVersion "1"]
[SourceVersionDate "2011.06.27"]
[SourceQuality "1"]

1. Nf3 Nf6 2. g3 g6 3. Bg2 Bg7 4. c4 0-0 5. Nc3 d6 6. d4 c6 7. 0-0 a6 8. a4 a5 9. h3 Na6 10. e4 Nd7 1/2-1/2

[Event "BUL-ch Seniors"]
[Site "Sofia"]
[Date "2011.05.15"]
[Round "3"]
[White "Artunov, Kirkor"]
[Black "Vachev, Vladimir"]
[Result "0-1"]
[WhiteElo "2038"]
[BlackElo "2149"]
[PlyCount "85"]
[EventDate "2011.05.14"]
[EventType "swiss"]
[EventRounds "9"]
[EventCountry "BUL"]
[SourceTitle "CBM 142 Extra"]
[Source "ChessBase"]
[SourceDate "2011.06.27"]
[SourceVersion "1"]
[SourceVersionDate "2011.06.27"]
[SourceQuality "1"]

1. d4 Nf6 2. Nd2 d5 3. g3 e6 4. Bg2 Be7 5. Ngf3 0-0 6. Ne5 c5 7. e3 Nc6 8. Ndf3 Nd7 9. Nd3 Bf6 10. c3 b6 11. 0-0 Ba6 12. Re1 Rc8 13. Nf4 g6 14. h3 b5 15. dxc5 Nxc5 16. a3 Bb7 17. Bf1 a6 18. h4 Ne7 19. Nd3 Na4 20. Nfe5 Qc7 21. Ng4 Bg7 22. h5 Nf5 23. hxg6 hxg6 24. Bg2 Rfd8 25. Qe2 Qd6 26. Kh2 Nh4 27. Bh1 Rc4 28. f4 Nf5 29. Nge5 Rc7 30. g4 Ne7 31. g5 Nc5 32. Nxc5 Rxc5 33. Nd3 Rc4 34. Bd2 Nf5 35. Rad1 e5 36. Bc1 Qc7 37. Qf1 a5 38. Kg1 Ng3 39. Qg2 Nxh1 40. Qxh1 d4 41. e4 dxc3 42. b3 Rcd4 43. Kf2 0-1

[Event "Blagoevgrad Kirov Memorial 2nd"]
[Site "Blagoevgrad"]
[Date "2010.01.14"]
[Round "5"]
[White "Vachev, Vladimir"]
[Black "Radulski, Julian"]
[Result "0-1"]
[WhiteElo "2145"]
[BlackElo "2577"]
[PlyCount "76"]
[EventDate "2010.01.11"]
[EventType "swiss"]
[EventRounds "9"]
[EventCountry "BUL"]
[SourceTitle "CBM 134 Extra"]
[Source "ChessBase"]
[SourceDate "2010.03.03"]
[SourceVersion "1"]
[SourceVersionDate "2010.03.03"]
[SourceQuality "1"]

1. e4 e5 2. Nf3 Nc6 3. d4 exd4 4. Bc4 Nf6 5. 0-0 Nxe4 6. Re1 d5 7. Bxd5 Qxd5 8. Nc3 Qd8 9. Nxe4 Be7 10. Bg5 0-0 11. Bxe7 Qxe7 12. Nxd4 Bd7 13. Qh5 Rae8 14. Nf3 Qb4 15. c3 Qxb2 16. Rad1 Qc2 17. Rd2 Qa4 18. Nf6+ gxf6 19. Rxd7 Rxe1+ 20. Nxe1 Qe4 21. Qd1 Re8 22. Nf3 Ne5 23. Rd4 Nxf3+ 24. gxf3 Qe1+ 25. Qxe1 Rxe1+ 26. Kg2 Rc1 27. Rd8+ Kg7 28. Ra8 a6 29. Ra7 Rb1 30. Kg3 f5 31. c4 Kf6 32. c5 c6 33. Ra8 Rb5 34. Rb8 a5 35. a4 Rb4 36. h4 h5 37. f4 Rxa4 38. Rxb7 Rc4 0-1